The CDF Social Audit Guide (Record no. 437)
[ view plain ]
| 000 -LEADER | |
|---|---|
| fixed length control field | 00429nam a22001217a 4500 |
| 008 - FIXED-LENGTH DATA ELEMENTS--GENERAL INFORMATION | |
| fixed length control field | 230605b xxu||||| |||| 00| 0 eng d |
| 082 ## - DEWEY DECIMAL CLASSIFICATION NUMBER | |
| Classification number | 323.331 |
| Item number | GIK |
| 245 ## - TITLE STATEMENT | |
| Title | The CDF Social Audit Guide |
| Remainder of title | A Handbook For Communities |
| Statement of responsibility, etc. | Open Society Initiative Of East Africa |
| 260 ## - PUBLICATION, DISTRIBUTION, ETC. (IMPRINT) | |
| Place of publication, distribution, etc. | Nairobi |
| Name of publisher, distributor, etc. | Open Society Initiative Of East Africa |
| Date of publication, distribution, etc. | 2008 |
| 300 ## - PHYSICAL DESCRIPTION | |
| Extent | 54 p |
| 710 ## - ADDED ENTRY--CORPORATE NAME | |
| Subordinate unit | Open Society Initiative Of East Africa |
| Location of meeting | Nairobi |
| Date of meeting or treaty signing | 2008 |
| 942 ## - ADDED ENTRY ELEMENTS (KOHA) | |
| Source of classification or shelving scheme | Dewey Decimal Classification |
| Koha item type | Books |
| Withdrawn status | Lost status | Source of classification or shelving scheme | Damaged status | Not for loan | Home library | Current library | Date acquired | Total Checkouts | Full call number | Barcode | Date last seen | Price effective from | Koha item type |
|---|---|---|---|---|---|---|---|---|---|---|---|---|---|
| Dewey Decimal Classification | Bunge Tower Library | Bunge Tower Library | 06/05/2023 | 323.331 GIK | 10014814 | 06/05/2023 | 06/05/2023 | Books |
